[Event "Faxe Dags op"]
[Site "Faxe"]
[Date "2017.04.05"]
[Round "1"]
[White "Gregor, Jan"]
[Black "Nielsen, Per Henrik Axel"]
[Result "1-0"]
[WhiteElo "1657"]
[BlackElo "1975"]
[PlyCount "41"]
[EventDate "2017.04.05"]
[EventType "swiss"]
[EventRounds "7"]
[EventCountry "DEN"]
[SourceTitle "EXT 2021"]
[Source "ChessBase"]
[SourceDate "2020.10.23"]
[SourceVersion "1"]
[SourceVersionDate "2020.10.23"]
[SourceQuality "1"]

1. e4 c5 2. Nf3 a6 3. d4 cxd4 4. Nxd4 Nf6 5. Nc3 e5 6. Nb3 Bb4 7. Bd2 0-0 8. Bd3 Nc6 9. a3 Bxc3 10. Bxc3 d5 11. exd5 Nxd5 12. Qh5 g6 13. Qe2 Nxc3 14. bxc3 Qc7 15. 0-0 Kg7 16. Rab1 Re8 17. Be4 Rb8 18. Qc4 Be6 19. Qc5 f6 20. Na5 Qxa5 21. Rxb7+ 1-0

[Event "Lovsprings op 08th"]
[Site "Ringsted"]
[Date "1996.04.26"]
[Round "7"]
[White "Nielsen, Per Henrik Axel"]
[Black "Pedersen, Hans Dahl"]
[Result "1/2-1/2"]
[WhiteElo "1944"]
[BlackElo "2091"]
[PlyCount "118"]
[EventDate "1996.03.08"]
[EventType "swiss"]
[EventRounds "7"]
[EventCountry "DEN"]
[SourceTitle "EXT 2018"]
[Source "ChessBase"]
[SourceDate "2017.10.13"]
[SourceVersion "1"]
[SourceVersionDate "2017.10.13"]
[SourceQuality "1"]

1. e4 g6 2. d4 Bg7 3. c4 d6 4. Nc3 a6 5. Be2 Nc6 6. Nf3 e5 7. Bg5 f6 8. Be3 Bg4 9. d5 Nce7 10. Nd2 Bd7 11. c5 f5 12. cxd6 cxd6 13. Nc4 Nc8 14. a4 Nf6 15. Qb3 Rb8 16. a5 0-0 17. exf5 gxf5 18. Bg5 Qe8 19. f4 Qg6 20. 0-0 Ne4 21. Nxe4 fxe4 22. Qg3 Bb5 23. fxe5 Rxf1+ 24. Rxf1 Bxc4 25. Bxc4 Bxe5 26. Qh4 Na7 27. Bf4 Bd4+ 28. Kh1 Re8 29. Qg3 Qxg3 30. Bxg3 Be5 31. Bf2 Nb5 32. Bxb5 axb5 33. Bg3 Bxg3 34. hxg3 Kg7 35. Kg1 Re5 36. Rf4 e3 37. Kf1 Rxd5 38. Rg4+ Kf6 39. Rf4+ Ke5 40. Ke2 Rd2+ 41. Kxe3 Rxg2 42. Rf7 Rxg3+ 43. Kd2 Kd4 44. Rxb7 Rg2+ 45. Kc1 Kc5 46. Rxh7 Rg8 47. a6 Ra8 48. a7 Kb4 49. Rd7 Ka4 50. Rxd6 Rxa7 51. Kb1 b4 52. Rd1 Kb3 53. Rh1 Rg7 54. Rh3+ Ka4 55. Rh1 Rg3 56. Rc1 Kb3 57. Rh1 Rf3 58. Rg1 Rh3 59. Rf1 Re3 1/2-1/2

[Event "Lovsprings op 08th"]
[Site "Ringsted"]
[Date "1996.04.12"]
[Round "5"]
[White "Nielsen, Per Henrik Axel"]
[Black "Madsen, Hans Henrik"]
[Result "1/2-1/2"]
[WhiteElo "1944"]
[BlackElo "2099"]
[PlyCount "80"]
[EventDate "1996.03.08"]
[EventType "swiss"]
[EventRounds "7"]
[EventCountry "DEN"]
[SourceTitle "EXT 2018"]
[Source "ChessBase"]
[SourceDate "2017.10.13"]
[SourceVersion "1"]
[SourceVersionDate "2017.10.13"]
[SourceQuality "1"]

1. e4 c5 2. Nc3 Nc6 3. g3 d6 4. Bg2 g6 5. d3 Bg7 6. Nge2 Bg4 7. h3 Bd7 8. Be3 e5 9. Nd5 Nge7 10. Nec3 0-0 11. Qd2 Nxd5 12. Nxd5 Ne7 13. Nxe7+ Qxe7 14. 0-0 Bc6 15. c3 f5 16. exf5 Bxg2 17. Kxg2 Rxf5 18. Rae1 Qe6 19. a3 Qd5+ 20. Kh2 Rf3 21. c4 Qf7 22. b4 b6 23. bxc5 dxc5 24. Qe2 Qf5 25. a4 Rf8 26. a5 g5 27. axb6 axb6 28. Kg2 h5 29. Rh1 e4 30. dxe4 Qxe4 31. Kh2 h4 32. gxh4 Be5+ 33. Kg1 Qxh4 34. Qd3 Qg3+ 35. fxg3 Rxg3+ 36. Kh2 Rxe3+ 37. Kg2 Rxd3 38. Rxe5 Ra8 39. Rxg5+ Kh7 40. Rf1 Ra2+ 1/2-1/2

[Event "Lovsprings op 07th"]
[Site "Ringsted"]
[Date "1995.03.10"]
[Round "1"]
[White "Christensen, Lars"]
[Black "Nielsen, Per Henrik Axel"]
[Result "1/2-1/2"]
[WhiteElo "2059"]
[BlackElo "1927"]
[PlyCount "94"]
[EventDate "1995.03.10"]
[EventType "swiss"]
[EventRounds "7"]
[EventCountry "DEN"]
[SourceTitle "EXT 2018"]
[Source "ChessBase"]
[SourceDate "2017.10.13"]
[SourceVersion "1"]
[SourceVersionDate "2017.10.13"]
[SourceQuality "1"]

1. e4 c6 2. d4 d5 3. exd5 cxd5 4. c3 Bf5 5. Qb3 Qd7 6. Nf3 Nc6 7. Bf4 a6 8. Qb6 e6 9. Na3 Be7 10. Ne5 Nxe5 11. Bxe5 Nf6 12. Nb5 0-0 13. Nc7 Bd8 14. Qxb7 Rc8 15. Bxa6 Bxc7 16. Bb5 Qd8 17. Ba6 Qd7 18. Bb5 Qe7 19. a4 Ne8 20. Qxc8 Bxe5 21. dxe5 Qg5 22. 0-0 Bh3 23. g3 Nd6 24. Qxf8+ Kxf8 25. exd6 Bxf1 26. f4 Qd8 27. Kxf1 Qxd6 28. b4 d4 29. Rd1 Qd5 30. Rxd4 Qf3+ 31. Kg1 Qxc3 32. Re4 Qc1+ 33. Kf2 Qh1 34. Ke3 Qxh2 35. a5 Qxg3+ 36. Kd2 Qg2+ 37. Ke3 Qg1+ 38. Kf3 Qh1+ 39. Ke3 Qg1+ 40. Kd2 Qg2+ 41. Re2 Qf3 42. a6 Qxf4+ 43. Kc3 Qc1+ 44. Kb3 Qb1+ 45. Kc3 Qc1+ 46. Rc2 Qa1+ 47. Kb3 Qb1+ 1/2-1/2

[Event "Lovsprings op 06th"]
[Site "Ringsted"]
[Date "1994.04.03"]
[Round "2"]
[White "Pedersen, Kim"]
[Black "Nielsen, Per Henrik Axel"]
[Result "1-0"]
[WhiteElo "2216"]
[BlackElo "1957"]
[PlyCount "69"]
[EventDate "1994.03.27"]
[EventType "swiss"]
[EventRounds "7"]
[EventCountry "DEN"]
[SourceTitle "EXT 2018"]
[Source "ChessBase"]
[SourceDate "2017.10.13"]
[SourceVersion "1"]
[SourceVersionDate "2017.10.13"]
[SourceQuality "1"]

1. d4 Nf6 2. Nf3 g6 3. Nc3 c5 4. d5 d6 5. e4 Nbd7 6. Be2 Bg7 7. 0-0 0-0 8. a4 b6 9. Nd2 a6 10. f4 Bb7 11. Bc4 h6 12. Qe2 Ne8 13. Nf3 Nc7 14. Rd1 Kh7 15. Ra3 b5 16. axb5 axb5 17. Rxa8 Qxa8 18. Nxb5 Nxb5 19. Bxb5 Nb6 20. b3 Qa2 21. Qd3 Ra8 22. h4 Qa1 23. h5 Ba6 24. Bxa6 Qxa6 25. hxg6+ fxg6 26. c4 Qa1 27. e5 dxe5 28. fxe5 Bxe5 29. Be3 Bg3 30. Bxc5 Qf6 31. Bd4 Qd6 32. c5 Qxd5 33. cxb6 Rd8 34. Rc1 e5 35. Rc7+ 1-0

[Event "Lovsprings op 06th"]
[Site "Ringsted"]
[Date "1994.03.27"]
[Round "1"]
[White "Buhl, Poul"]
[Black "Nielsen, Per Henrik Axel"]
[Result "1/2-1/2"]
[WhiteElo "2012"]
[BlackElo "1957"]
[PlyCount "46"]
[EventDate "1994.03.27"]
[EventType "swiss"]
[EventRounds "7"]
[EventCountry "DEN"]
[SourceTitle "EXT 2018"]
[Source "ChessBase"]
[SourceDate "2017.10.13"]
[SourceVersion "1"]
[SourceVersionDate "2017.10.13"]
[SourceQuality "1"]

1. c4 c5 2. g3 g6 3. Bg2 Bg7 4. e3 Nc6 5. Ne2 Nf6 6. 0-0 0-0 7. Nbc3 d6 8. b3 Bf5 9. d4 cxd4 10. Nxd4 Nxd4 11. exd4 Qd7 12. Re1 Bg4 13. Qd2 Rfe8 14. Bb2 Bh3 15. Bh1 h5 16. d5 h4 17. Ne4 Nxe4 18. Rxe4 hxg3 19. hxg3 Bf5 20. Rh4 Bxb2 21. Qxb2 f6 22. Bf3 g5 23. Rh2 Kg7 1/2-1/2

[Event "Lovsprings op 05th A"]
[Site "Ringsted"]
[Date "1993.04.30"]
[Round "5"]
[White "Nielsen, Per Henrik Axel"]
[Black "Jorgensen, Brian Jorgen"]
[Result "0-1"]
[WhiteElo "2004"]
[BlackElo "2272"]
[PlyCount "78"]
[EventDate "1993.03.26"]
[EventType "swiss"]
[EventRounds "6"]
[EventCountry "DEN"]
[SourceTitle "EXT 2023"]
[Source "ChessBase"]
[SourceDate "2022.10.05"]
[SourceVersion "1"]
[SourceVersionDate "2022.10.05"]
[SourceQuality "1"]

1. Nf3 Nf6 2. b3 g6 3. Bb2 Bg7 4. e3 c5 5. Be2 0-0 6. 0-0 Nc6 7. c4 b6 8. d4 cxd4 9. exd4 d5 10. Nc3 Bb7 11. Re1 Rc8 12. cxd5 Nb4 13. a3 Nbxd5 14. Rc1 Nxc3 15. Rxc3 Rxc3 16. Bxc3 Nd5 17. Bb2 e6 18. Qd2 Ne7 19. Rc1 Nf5 20. Rd1 Bd5 21. b4 Qa8 22. Ne1 Rd8 23. Bf3 Nh4 24. Bxd5 Qxd5 25. Qd3 Nf5 26. Nf3 e5 27. Qa6 e4 28. Ne1 Qb3 29. Qe2 Bxd4 30. g4 Bxf2+ 31. Qxf2 Rxd1 32. gxf5 e3 33. Qe2 Rd2 34. Qf3 Qxb2 35. f6 Rd5 36. Nd3 Qb1+ 37. Kg2 Qxd3 38. Qf4 Qd2+ 39. Kg3 Qf2+ 0-1